ARRUPE JESUIT UNIVERSITY

CORONAVIRUS -STOP THE SPREAD - CLEAN,DISINFECT,COVER

Celebration hymnal for everyone (Record no. 125000)

MARC details
000 -LEADER
fixed length control field 00428nam a22001457a 4500
008 - FIXED-LENGTH DATA ELEMENTS--GENERAL INFORMATION
fixed length control field 160816b xxu||||| |||| 00| 0 eng d
050 ## - LIBRARY OF CONGRESS CALL NUMBER
Classification number BV360.G292
100 ## - MAIN ENTRY--PERSONAL NAME
Personal name
9 (RLIN) 25031
110 ## - MAIN ENTRY--CORPORATE NAME
Corporate name or jurisdiction name as entry element Geary,Patrick
Relator term ed.
9 (RLIN) 25032
245 ## - TITLE STATEMENT
Title Celebration hymnal for everyone
Statement of responsibility, etc edited by Patrick Geary
260 ## - PUBLICATION, DISTRIBUTION, ETC. (IMPRINT)
Place of publication, distribution, etc Great Wakering
Name of publisher, distributor, etc McCrimmons
Date of publication, distribution, etc 1994
300 ## - PHYSICAL DESCRIPTION
Extent 346p.;
Dimensions 21cm.
650 ## - SUBJECT ADDED ENTRY--TOPICAL TERM
Topical term or geographic name as entry element Hymns, Catholic
9 (RLIN) 25010
942 ## - ADDED ENTRY ELEMENTS (KOHA)
Source of classification or shelving scheme Library of Congress Classification
Item type Monograph ( Printed materials)
Holdings
Withdrawn status Lost status Source of classification or shelving scheme Damaged status Not for loan Collection code Home library Current library Shelving location Date acquired Total Checkouts Full call number Barcode Date last seen Price effective from Koha item type
    Library of Congress Classification     Main Collection ARRUPE LIBRARY ARRUPE LIBRARY Main Collection 16/08/2016   BV360.G292 46500010440 24/01/2017 16/08/2016 Monograph ( Printed materials)

 

Arrupe Library. PO Box MP320 Mt Pleasant, Harare, Zimbabwe
263 242 745411|librarian@aju.ac.zw